| 000 | 00399cam a2200157ua 4500 | ||
|---|---|---|---|
| 041 |
_amal _h |
||
| 082 |
_a894.8121 _bKUM/KU |
||
| 100 | _aKumaranasan, . | ||
| 245 |
_aKumaranasante Padyakrithikal Vol. I / _cKumaranasan. _hTextual Documents |
||
| 250 |
_a4 / _b. |
||
| 260 |
_aThonnakkal : _bSarada Book Depot , _c1960. |
||
| 300 | _a639 ; . | ||
| 504 | _a | ||
| 942 | _cBK | ||
| 999 |
_c3976 _d3976 |
||